Milk and butterfat recording : (Record no. 159461)
[ view plain ]
| 000 -LEADER | |
|---|---|
| fixed length control field | 01016cam2a220025300 4500 |
| 001 - CONTROL NUMBER | |
| control field | tmp15688195 |
| 003 - CONTROL NUMBER IDENTIFIER | |
| control field | UPRA |
| 005 - DATE AND TIME OF LATEST TRANSACTION | |
| control field | 20190826090638.0 |
| 008 - FIXED-LENGTH DATA ELEMENTS--GENERAL INFORMATION | |
| fixed length control field | 951004s1956 enk eng u |
| 035 ## - SYSTEM CONTROL NUMBER | |
| System control number | (Sirsi) r59310 |
| 035 ## - SYSTEM CONTROL NUMBER | |
| System control number | (UPRA)tmp15688195 |
| 040 ## - CATALOGING SOURCE | |
| Transcribing agency | UPRA |
| 100 1# - MAIN ENTRY--PERSONAL NAME | |
| Personal name | Ashton, Edward Donald. |
| Linkage | A18647.1 |
| 245 10 - TITLE STATEMENT | |
| Title | Milk and butterfat recording : |
| Remainder of title | a world survey. |
| 260 ## - PUBLICATION, DISTRIBUTION, ETC. | |
| Place of publication, distribution, etc. | Farnham Royal, Bucks : |
| Name of publisher, distributor, etc. | Commonwealth Agricultural Bureaux, |
| Date of publication, distribution, etc. | [1956] |
| 490 1# - SERIES STATEMENT | |
| Series statement | Commonwealth Bureau of Dairy Science and Technology. Technical communication ; |
| Volume/sequential designation | no. 3 |
| 504 ## - BIBLIOGRAPHY, ETC. NOTE | |
| Bibliography, etc. note | Includes bibliographies. |
| 650 #0 - SUBJECT ADDED ENTRY--TOPICAL TERM | |
| Topical term or geographic name entry element | Cow testing. |
| Linkage | S13286.1 |
| 650 #0 - SUBJECT ADDED ENTRY--TOPICAL TERM | |
| Topical term or geographic name entry element | Dairying. |
| Linkage | S12335.1 |
| 650 #0 - SUBJECT ADDED ENTRY--TOPICAL TERM | |
| Topical term or geographic name entry element | Milk and butterfat recording. |
| Linkage | S13287.1 |
| 810 2# - SERIES ADDED ENTRY--CORPORATE NAME | |
| Corporate name or jurisdiction name as entry element | Commonwealth Bureau of Dairy Science and Technology. Technical communication ; |
| Title of a work | Commonwealth Bureau of Dairy Science and Technology. Technical communication ; |
| Volume/sequential designation | no. 3 |
| Linkage | S3916.1 |
| 949 ## - LOCAL PROCESSING INFORMATION (OCLC) | |
| a | SF253 |
| w | lcc |
| i | 33729001914113 |
| m | MAIN |
| p | 2500 |
| t | BOOK |
| l | ON-SHELF |
No items available.